000 00302nam a22001337a 4500
008 170922b xxu||||| |||| 00| 0 eng d
020 _a0822311992
041 _aeng
080 _a37
100 _a46
101 _aEDU
245 _aTHE POLITICS LIBERAL EDUCATION
_cGLESS.D.H
942 _2udc
_cBK
999 _c29045
_d29045